[Event "Porto Mannu op 9th"]
[Site "Porto Mannu"]
[Date "2017.06.10"]
[Round "9"]
[White "Maier, Christian"]
[Black "Esposito, Luca"]
[Result "1-0"]
[WhiteElo "2388"]
[BlackElo "2196"]
[PlyCount "85"]
[EventDate "2017.06.03"]
[EventType "swiss"]
[EventRounds "9"]
[EventCountry "ITA"]
[SourceTitle "CBM 178 Extra"]
[Source "ChessBase"]
[SourceDate "2017.06.22"]
[SourceVersion "1"]
[SourceVersionDate "2017.06.22"]
[SourceQuality "1"]

1. e4 c5 2. Nf3 e6 3. d3 Nc6 4. g3 Nf6 5. Bg2 Be7 6. 0-0 0-0 7. c3 d6 8. Re1 Bd7 9. a3 Qc7 10. b4 cxb4 11. axb4 a5 12. b5 Ne5 13. c4 Nxf3+ 14. Qxf3 e5 15. Nc3 Be6 16. h3 Nd7 17. Ba3 Qb8 18. Na4 b6 19. Qe3 Nc5 20. Bb2 Ra7 21. f4 f6 22. Kh2 Kh8 23. Rg1 Rg8 24. Nc3 g5 25. fxg5 fxg5 26. Rgf1 Rf8 27. Nd5 Bxd5 28. exd5 Bf6 29. Rf5 Raf7 30. Raf1 Qe8 31. Bf3 Bg7 32. Bg4 Rxf5 33. Bxf5 Qh5 34. Kg2 Qh6 35. g4 Qf6 36. Rh1 Qd8 37. Bc1 Bf6 38. h4 gxh4 39. Qh6 Qe7 40. g5 Bxg5 41. Bxg5 Rg8 42. Bg6 Qg7 43. Bf6 1-0

[Event "Porto Mannu op 9th"]
[Site "Porto Mannu"]
[Date "2017.06.05"]
[Round "3"]
[White "Lenz, Guntram"]
[Black "Esposito, Luca"]
[Result "0-1"]
[WhiteElo "2031"]
[BlackElo "2196"]
[PlyCount "62"]
[EventDate "2017.06.03"]
[EventType "swiss"]
[EventRounds "9"]
[EventCountry "ITA"]
[SourceTitle "CBM 178 Extra"]
[Source "ChessBase"]
[SourceDate "2017.06.22"]
[SourceVersion "1"]
[SourceVersionDate "2017.06.22"]
[SourceQuality "1"]

1. d4 Nf6 2. c4 e6 3. Nf3 c5 4. d5 exd5 5. cxd5 d6 6. Nc3 g6 7. g3 Bg7 8. Bg2 0-0 9. 0-0 a6 10. a4 Re8 11. Nd2 Nbd7 12. Nc4 Ne5 13. Nxe5 Rxe5 14. Bf4 Re8 15. Qd2 Ng4 16. h3 Ne5 17. Bxe5 Bxe5 18. e4 Rb8 19. f4 Bg7 20. Kh2 b5 21. axb5 axb5 22. f5 Be5 23. Qh6 b4 24. fxg6 hxg6 25. Ra7 Re7 26. Qg5 Rd7 27. Qxd8+ Rxd8 28. Nd1 Rd7 29. Rxd7 Bxd7 30. Rf2 Ba4 31. Ne3 Bd4 0-1